Statistics for Major Ports of India

Click here to take the quiz!

General Stats

  • This quiz has been taken 5 times
  • The average score is 6 of 12

Answer Stats

State/TerritorySeaport% Correct
KeralaKochi
100%
MaharashtraMumbai
100%
Tamil NaduChennai
67%
West BengalKolkata
67%
KeralaThiruvananthapuram
67%
West BengalHaldia
33%
GujaratKandla
33%
GoaMarmagao
33%
KarnatakaNew Mangalore
33%
OdishaParadwip
33%
Tamil NaduTuticorin
33%
Andhra PradeshVishakhapatnam
33%

Score Distribution

Percentile by Number Answered

Percent of People with Each Score

Your Score History

You have not taken this quiz